[Event "Portuguese Masters"]
[Site "Fatima"]
[Date "2021.04.08"]
[Round "3"]
[White "Padeiro, Jose Joao Tato"]
[Black "Santos, Jose Guilherme B Li"]
[Result "1-0"]
[WhiteElo "2216"]
[BlackElo "2304"]
[PlyCount "55"]
[EventDate "2021.04.06"]
[EventType "tourn"]
[EventRounds "9"]
[EventCountry "POR"]
[EventCategory "1"]
[SourceTitle "CBM 201 Extra"]
[Source "ChessBase"]
[SourceDate "2021.05.31"]
[SourceVersion "1"]
[SourceVersionDate "2021.05.31"]
[SourceQuality "1"]

1. d4 Nf6 2. c4 e6 3. Nc3 Bb4 4. e3 0-0 5. Nf3 c5 6. Bd3 cxd4 7. exd4 d5 8. 0-0 dxc4 9. Bxc4 b6 10. Bg5 Bb7 11. Ne5 Be7 12. Qe2 Nfd7 13. Bf4 Nxe5 14. dxe5 Qd4 15. Bg3 Rc8 16. Bd3 Nc6 17. Rad1 Qc5 18. Ne4 Nd4 19. Qg4 Qc6 20. f3 Nf5 21. Nf6+ Bxf6 22. exf6 g6 23. Be4 Qc5+ 24. Bf2 Qc7 25. Bxf5 exf5 26. Qg5 Kh8 27. Rd4 Qc6 28. Rh4 1-0

[Event "POR-ch"]
[Site "Braga"]
[Date "2018.09.08"]
[Round "8"]
[White "Martins, Bruno Andre Leite"]
[Black "Padeiro, Jose Joao Tato"]
[Result "1/2-1/2"]
[WhiteElo "2262"]
[BlackElo "2209"]
[PlyCount "129"]
[EventDate "2018.09.02"]
[EventType "tourn"]
[EventRounds "9"]
[EventCountry "POR"]
[EventCategory "3"]
[SourceTitle "CBM 186 Extra"]
[Source "ChessBase"]
[SourceDate "2018.08.24"]
[SourceVersion "1"]
[SourceVersionDate "2018.08.24"]
[SourceQuality "1"]

1. e4 Nf6 2. e5 Nd5 3. d4 d6 4. Nf3 Bg4 5. Bc4 e6 6. h3 Bh5 7. Qe2 c6 8. 0-0 Nd7 9. Nbd2 dxe5 10. dxe5 Qc7 11. Bb3 Nc5 12. c4 Nf4 13. Qe3 Nfd3 14. Bc2 0-0-0 15. a3 Bg6 16. b4 Nxc1 17. Bxg6 N1b3 18. Nxb3 Nxb3 19. Bxf7 Nxa1 20. Bxe6+ Kb8 21. Rxa1 Re8 22. Bg4 g6 23. h4 Bg7 24. Re1 Re7 25. c5 Rd8 26. e6 Rd5 27. g3 Qd8 28. Qf4+ Ka8 29. Kg2 a5 30. Re4 Rd3 31. Re3 Rxe3 32. Qxe3 Qd5 33. Qf4 Ka7 34. Qd6 Bf6 35. Qf4 Bg7 36. Kg1 Qd1+ 37. Kh2 Qd5 38. Ng5 Qd4 39. Ne4 axb4 40. axb4 Qe5 41. Qxe5 Bxe5 42. h5 Bb2 43. f4 Ba3 44. Bh3 Bxb4 45. hxg6 hxg6 46. g4 Rxe6 47. Bg2 b6 48. cxb6+ Kxb6 49. Kg3 c5 50. f5 gxf5 51. gxf5 Rh6 52. Bf1 Be1+ 53. Kf4 Bh4 54. Ke5 Rc6 55. Bc4 Be7 56. f6 Bf8 57. Ng5 Ka5 58. Ne6 Rc8 59. Nxf8 Rxf8 60. f7 Kb4 61. Be6 c4 62. Bxc4 Kxc4 63. Kf6 Kd5 64. Kg7 Rxf7+ 65. Kxf7 1/2-1/2

[Event "POR-ch"]
[Site "Braga"]
[Date "2018.09.07"]
[Round "7"]
[White "Padeiro, Jose Joao Tato"]
[Black "Fernandes, Antonio ETG"]
[Result "0-1"]
[WhiteElo "2209"]
[BlackElo "2389"]
[PlyCount "86"]
[EventDate "2018.09.02"]
[EventType "tourn"]
[EventRounds "9"]
[EventCountry "POR"]
[EventCategory "3"]
[SourceTitle "CBM 186 Extra"]
[Source "ChessBase"]
[SourceDate "2018.08.24"]
[SourceVersion "1"]
[SourceVersionDate "2018.08.24"]
[SourceQuality "1"]

1. e4 c5 2. Nc3 Nc6 3. Bb5 Nd4 4. Bc4 e6 5. Nge2 Ne7 6. Nxd4 cxd4 7. Ne2 Nc6 8. d3 g6 9. 0-0 Bg7 10. f4 0-0 11. Qe1 Na5 12. Qg3 d5 13. Bb3 Nxb3 14. axb3 dxe4 15. dxe4 Qc7 16. Qd3 Rd8 17. e5 Bf8 18. Kh1 Bc5 19. Bd2 Bd7 20. b4 Bb6 21. Be1 a6 22. Bh4 Bb5 23. Bxd8 Rxd8 24. Qe4 Bc6 25. Qd3 Bb5 26. Qe4 d3 27. cxd3 Bxd3 28. Qf3 Qc4 29. Rac1 Qd5 30. Nc3 Qxf3 31. Rxf3 Bf5 32. Rd1 Rc8 33. h3 Kf8 34. Rd2 h5 35. Kh2 Rc4 36. Rd7 Rxb4 37. Rd2 h4 38. Nd1 Be4 39. Rc3 Bc6 40. g3 Ke7 41. Rdd3 Re4 42. Rc2 Re1 43. Rcc3 Re2+ 0-1

[Event "POR-ch"]
[Site "Braga"]
[Date "2018.09.05"]
[Round "5"]
[White "Padeiro, Jose Joao Tato"]
[Black "Veiga, Jose Francisco RP"]
[Result "0-1"]
[WhiteElo "2209"]
[BlackElo "2231"]
[PlyCount "96"]
[EventDate "2018.09.02"]
[EventType "tourn"]
[EventRounds "9"]
[EventCountry "POR"]
[EventCategory "3"]
[SourceTitle "CBM 186 Extra"]
[Source "ChessBase"]
[SourceDate "2018.08.24"]
[SourceVersion "1"]
[SourceVersionDate "2018.08.24"]
[SourceQuality "1"]

1. d4 Nf6 2. Nf3 c5 3. e3 g6 4. Be2 Bg7 5. 0-0 0-0 6. b3 Nc6 7. Bb2 cxd4 8. Nxd4 d5 9. c4 Nxd4 10. exd4 b6 11. Bf3 Be6 12. Na3 Rc8 13. Qe2 Qd7 14. Rfd1 Bf5 15. Rac1 Bh6 16. Rc3 Ne4 17. Bxe4 Bxe4 18. Nc2 Bxc2 19. Rxc2 Bg7 20. Rdc1 Bh6 21. Rd1 e6 22. c5 Rc7 23. b4 Qa4 24. Bc3 Rfc8 25. Rb2 Bg7 26. Qc2 Qxc2 27. Rxc2 e5 28. g3 bxc5 29. dxc5 d4 30. Bb2 f6 31. Kf1 Kf7 32. Ke2 Ke6 33. Kd3 Kd5 34. f3 f5 35. Re2 Rb8 36. Ba3 Re8 37. Rde1 Rce7 38. Kc2 e4 39. fxe4+ fxe4 40. Kb3 d3 41. Rd2 Bh6 42. Rdd1 Re6 43. b5 Bf8 44. c6 Bxa3 45. Kxa3 Kd4 46. Rc1 d2 47. Red1 e3 48. c7 Rc8 0-1

[Event "POR-ch"]
[Site "Braga"]
[Date "2018.09.03"]
[Round "2"]
[White "Padeiro, Jose Joao Tato"]
[Black "Silva, Luis Neves Da"]
[Result "0-1"]
[WhiteElo "2209"]
[BlackElo "2353"]
[PlyCount "44"]
[EventDate "2018.09.02"]
[EventType "tourn"]
[EventRounds "9"]
[EventCountry "POR"]
[EventCategory "3"]
[SourceTitle "CBM 186 Extra"]
[Source "ChessBase"]
[SourceDate "2018.08.24"]
[SourceVersion "1"]
[SourceVersionDate "2018.08.24"]
[SourceQuality "1"]

1. c4 e6 2. Nc3 d5 3. e3 Nf6 4. Nf3 Be7 5. d4 0-0 6. Bd3 dxc4 7. Bxc4 a6 8. a3 b5 9. Ba2 c5 10. dxc5 Qxd1+ 11. Kxd1 Bxc5 12. b4 Be7 13. Bb2 Bb7 14. Ke2 Nbd7 15. Rhg1 Rfc8 16. Nd2 a5 17. bxa5 b4 18. axb4 Bxb4 19. Rac1 Ba6+ 20. Ke1 Nc5 21. Bb1 Bd3 22. Ba2 Nce4 0-1